|
|
|
|
| LEADER |
01191nam a22002417a 4500 |
| 001 |
AAL6825 |
| 003 |
BD-DhAAL |
| 005 |
20161004113325.0 |
| 008 |
161004s 2006bg a|||| |||| 00| 0 ben d |
| 020 |
|
|
|a 9844062129
|
| 040 |
|
|
|a BD-DhAAL
|c BD-DhAAL
|
| 082 |
|
|
|a 306/.03
|
| 245 |
|
|
|a এনসাইক্লোপিডিয়া অব দ্য ওয়ার্ল্ড :
|b ইতিহাসভিত্তিক মানচিত্র, সভ্যতার ক্রমবিকাশ /
|c এ.এস.এম.ভূঁইয়া শিহাব
|
| 260 |
|
|
|a ঢাকা :
|b দি ইউনিভার্সেল একাডেমী,
|c ২০০৬
|
| 300 |
|
|
|a ৬৮ পৃ. :
|b চিত্র ;
|c ২২ সে.মি.
|
| 541 |
|
|
|e 6825
|
| 650 |
|
|
|a Ethnology
|x Encyclopedias
|9 20513
|
| 650 |
|
|
|a Cultura
|x Enciclopedias
|9 20514
|
| 700 |
|
|
|a শিহাব, এ.এস.এম.ভূঁইয়া
|9 20516
|
| 852 |
|
|
|a Savar Campus Library
|c General Shelf
|
| 942 |
|
|
|2 ddc
|c BK
|
| 999 |
|
|
|c 37847
|d 37847
|
| 952 |
|
|
|0 0
|1 0
|2 ddc
|4 0
|6 306_000000000000000__03_ENC
|7 0
|9 59681
|a SCL
|b SCL
|c GEN
|d 2016-10-04
|g 300.00
|l 2
|m 1
|o 306.03 ENC
|p 3020006825
|r 2023-11-01
|s 2023-10-19
|t 1
|w 2016-10-04
|y BK
|